Catálogo público

(Record no. 184990)

MARC details
000 -CABECERA
campo de control de longitud fija 00831nam a2200229Ia 4500
001 - NÚMERO DE CONTROL
campo de control IA_5341,18/02/2014,18/02/2014,5232272013 mx amnl8222223322spa16,"
008 - DATOS DE LONGITUD FIJA--INFORMACIÓN GENERAL
campo de control de longitud fija 220117s xx 000 0 und d
010 ## - NÚMERO DE CONTROL DE LA BIBLIOTECA DEL CONGRESO
Número de control de LC 184990
090 ## - LOCALMENTE ASIGNADO TIPO-LC NÚMERO DE CLASIFICACIÓN (OCLC); NÚMERO DE CLASIFICACIÓN LOCAL (RLIN)
Número de clasificación (OCLC) (R) ; Numero de clasificación, CALL (RLIN) (NR) Tesis Q57 2013
100 ## - ENTRADA PRINCIPAL--NOMBRE DE PERSONA
Nombre de persona Quiroz González
9 (RLIN) 158358
530 ## - NOTA DE FORMATO FÍSICO ADICIONAL DISPONIBLE
Nota de formato físico adicional disponible Disponible en PDF
650 ## - PUNTO DE ACCESO ADICIONAL DE MATERIA--TÉRMINO DE MATERIA
Término de materia o nombre geográfico como elemento de entrada Cold injury
9 (RLIN) 148888
650 ## - PUNTO DE ACCESO ADICIONAL DE MATERIA--TÉRMINO DE MATERIA
Término de materia o nombre geográfico como elemento de entrada Lesión por frio
9 (RLIN) 148889
650 ## - PUNTO DE ACCESO ADICIONAL DE MATERIA--TÉRMINO DE MATERIA
Término de materia o nombre geográfico como elemento de entrada Refrigeración
9 (RLIN) 95611
650 ## - PUNTO DE ACCESO ADICIONAL DE MATERIA--TÉRMINO DE MATERIA
Término de materia o nombre geográfico como elemento de entrada Refrigeration
9 (RLIN) 146930
650 ## - PUNTO DE ACCESO ADICIONAL DE MATERIA--TÉRMINO DE MATERIA
Término de materia o nombre geográfico como elemento de entrada Stenocereus
9 (RLIN) 109642
700 ## - PUNTO DE ACCESO ADICIONAL--NOMBRE DE PERSONA
Nombre de persona Corrales García
9 (RLIN) 155777
901 ## - ELEMENTOS DE DATOS A LOCAL LDA (RLIN)
a asesor
942 ## - ELEMENTOS DE PUNTO DE ACCESO ADICIONAL (KOHA)
Tipo de ítem Koha

No items available.